Welcome to the Holygrace Academy Library

Please use search bar below to get started

POTHU VINJANA QUIZ (Record no. 6865)

MARC details
000 -LEADER
fixed length control field 00307nam a22001337a 4500
020 ## - INTERNATIONAL STANDARD BOOK NUMBER
ISBN 978-93-86531-96-4
082 ## - DEWEY DECIMAL CLASSIFICATION NUMBER
Classification number 001
Item number JAY/P
100 ## - MAIN ENTRY--AUTHOR NAME
Personal name JAYAKUMARI, T.R; VINOD KUMAR
245 ## - TITLE STATEMENT
Title POTHU VINJANA QUIZ
260 ## - PUBLICATION, DISTRIBUTION, ETC. (IMPRINT)
Place of publication THRISSUR
Name of publisher H & C bOOKS
Year of publication 2022
300 ## - PHYSICAL DESCRIPTION
Number of Pages 160
520 ## - SUMMARY, ETC.
Summary, etc QUIZ- GENERAL
942 ## - ADDED ENTRY ELEMENTS (KOHA)
Koha item type Books
Holdings
Withdrawn status Lost status Collection code Home library Current library Shelving location Date acquired Source of acquisition Cost, normal purchase price Full call number Accession Number Koha item type
    G.K Main Library Main Library NEW SHELF WITH NEW ENTRY 26/10/2023 Purchase 150.00 001 JAY/P 13006 Books